00519nam a22001817a 4500003000400000008004100004082001600045100002900061245008700090260006800177300001000245502001600255650001700271650001100288650001600299650001100315650001100326OSt260430b |||||||| |||| 00| 0 eng d a634.6bS48P aSingh, Jeetendra Prasad. aPost-Harvest Studies on Litchi (Litchi chinensis Sonn.)cby Jeetendra Prasad Singh a.- Sabour, Bhagalpurb: Bihar Agricultural College, RAUc, 1991 a113p. bPh.D.d1991 aHorticulture aLitchi aPostharvest aThesis aPh. D.